000 00716nas a2200253 4500
001 BR8304088
003 BR-BrBNA
005 20231205085639.0
007 ta
008 230509b bl.|||p| |||| 00| 00por d
040 _aBR-BrBNA
_bpor
_cBiblioteca Nacional de Agricultura
041 _a(Pt)
072 _aF00
100 1 _aSilveira, G.M. da
245 1 _aUm sistema eficaz de armazenamento para cereais e outros graos
650 _aARMAZENAMENTO
650 _aCEREAL
650 _aGRAO
650 _aSILO
650 _aARMAZEM
773 0 _tRevista dos Criadores (Brazil)
_xISSN 0034-9259
_g(Jun 1983), v. 52(641) p. 45-47
_wBR8304088
909 _a202311
_bLúcia
_c55
_dLúcia Elande
942 _2AGRIS
_n0
_cANA
999 _c112774
_d112774